| 000 | 00561nmm a2200169Ia 4500 | ||
|---|---|---|---|
| 008 | 251105s9999||||xx |||||||||||||||||und|| | ||
| 020 | _a9786071624840 | ||
| 041 | _aspa | ||
| 100 | _aMayer Celis, Leticia | ||
| 245 | 0 |
_aRutas de incertidumbre : _b Ideas alternativas sobre la génesis de la probabilidad, siglos XVI y XVII |
|
| 264 |
_a[México D.C., Mexico] : _bFondo de Cultura Económica, _c2016 |
||
| 300 | _a295 páginas | ||
| 490 | _aHistoria | ||
| 650 | _aHistory (General) | ||
| 856 | _uhttps://public.digitaliapublishing.com/a/65020 | ||
| 942 | _cCF | ||
| 999 |
_c75531 _d75531 |
||